000
00328nam a2200145Ia 4500
008
230312s9999||||xx |||||||||||||| ||und||
020
_a
9789696520856
082
_a
891.4
_b
AIT-T
100
_a
Aitzaz Ahsan
245
4
_a
The Indus saga
260
_b
Jamhori
_a
pak
_c
2017
300
_a
413
650
_a
Literature
942
_c
BK
999
_c
13491
_d
13491